Municipal and rural sanitation (Record no. 12109)

000 -LEADER
fixed length control field 00625nam a22002171 4500
001 - CONTROL NUMBER
control field 12109
003 - CONTROL NUMBER IDENTIFIER
control field BD-DhUET
008 - FIXED-LENGTH DATA ELEMENTS--GENERAL INFORMATION
fixed length control field 720914s1965 nyua b 000 0 eng
040 ## - CATALOGING SOURCE
Original cataloging agency DLC
Transcribing agency DLC
Modifying agency BD-DhUET
082 ## - DEWEY DECIMAL CLASSIFICATION NUMBER
Classification number 628
Item number EHL/1965
100 ## - MAIN ENTRY--PERSONAL NAME
Personal name Ehlers, Victor M.
245 10 - TITLE STATEMENT
Title Municipal and rural sanitation
250 ## - EDITION STATEMENT
Edition statement 6th ed.
260 ## - PUBLICATION, DISTRIBUTION, ETC. (IMPRINT)
Place of publication, distribution, etc. New Delhi
Name of publisher, distributor, etc. Tata McGraw-Hill
Date of publication, distribution, etc. 1965
300 ## - PHYSICAL DESCRIPTION
Extent xiv, 663 p.
Other physical details ill.
Dimensions 24 cm.
490 0# - SERIES STATEMENT
Series statement McGraw-Hill series in sanitary science and water resources engineering
504 ## - BIBLIOGRAPHY, ETC. NOTE
Bibliography, etc Includes bibliographies
650 #0 - SUBJECT ADDED ENTRY--TOPICAL TERM
Topical term or geographic name as entry element Sanitary engineering
700 ## - ADDED ENTRY--PERSONAL NAME
Personal name Steel, Ernest W.
942 ## - ADDED ENTRY ELEMENTS (KOHA)
Koha item type General Book
Holdings
Sublocation or collection (holding branch) Shelving location Price effective from Not for loan Copy number Koha normalized classification for sorting Koha item type Date acquired Lost status Piece designation (barcode) Koha full call number Koha date last seen Location (home branch) Source of classification or shelving scheme Withdrawn status Damaged status
Central Library, BUETCirculation section2015-02-23 1628_000000000000000_EHL_1965General Book2015-02-23 54823628/EHL/19652015-02-23Central Library, BUET   
Central Library, BUETCirculation section2015-05-06 2628_000000000000000_EHL_1965General Book2015-05-06 57340628/EHL/19652015-05-06Central Library, BUET   
Central Library, BUETCirculation section2015-05-06 3628_000000000000000_EHL_1965General Book2015-05-06 57341628/EHL/19652015-05-06Central Library, BUET   
Central Library, BUETCirculation section2015-05-07 4628_000000000000000_EHL_1958General Book2015-05-07 42726628/EHL/19582015-05-07Central Library, BUET   
Central Library, BUETCirculation section2015-05-07 5628_000000000000000_EHL_1965General Book2015-05-07 19515628/EHL/19652015-05-07Central Library, BUET   
Central Library, BUETCirculation section2015-05-07 6628_000000000000000_EHL_1965General Book2015-05-07 20785628/EHL/19652015-05-07Central Library, BUET   
Central Library, BUETCirculation section2015-05-07 7628_000000000000000_EHL_1965General Book2015-05-07 19514628/EHL/19652015-05-07Central Library, BUET   
Central Library, BUETCirculation section2015-05-07 8628_000000000000000_EHL_1965General Book2015-05-07 25851628/EHL/19652015-05-07Central Library, BUET   
Central Library, BUETCirculation section2015-05-07 9628_000000000000000_EHL_1965General Book2015-05-07 20784628/EHL/19652015-05-07Central Library, BUET